| 000 | 00818nas a2200265 4500 | ||
|---|---|---|---|
| 001 | BR7500446 | ||
| 003 | BR-BrBNA | ||
| 005 | 20231205082802.0 | ||
| 007 | ta | ||
| 008 | 230509b bl.|||p| |||| 00| 00por d | ||
| 040 |
_aBR-BrBNA _bpor _cBiblioteca Nacional de Agricultura |
||
| 041 | _a(Pt) | ||
| 072 | _aF00 | ||
| 100 | 1 | _aMendes, F. dos S. (Instituto Rio Grandense do Arroz, Porto Alegre (Brazil)) | |
| 245 | 1 | _aArroz no Equador [Oryza sativa; Producao vegetal; Cooperativa] | |
| 650 | _aProducao vegetal | ||
| 650 | _aArroz | ||
| 650 | _aSistema de producao | ||
| 650 | _aVariedade | ||
| 650 | _aCooperativa | ||
| 650 | _aEquador | ||
| 773 | 0 |
_tLavoura Arrozeira (Brazil) _xISSN 0023-9143 _g(Sep 1975), v. 28(287) p. 10-13 _wBR7500446 |
|
| 909 |
_a202311 _bLúcia _c55 _dLúcia Elande |
||
| 942 |
_2AGRIS _n0 _cANA |
||
| 999 |
_c94203 _d94203 |
||